Formula 1 Constructors Champions by Logo - Statistics

General Stats
  • This quiz has been taken 30 times
    22 since last reset
  • The average score is 14 of 17
Answer Stats
Picture Hint Answer % Correct
Unofficial (1950,1951) Alfa Romeo
100%
Ferrari
100%
McLaren
100%
Mercedes
100%
Red bull
100%
Renault
100%
Williams
100%
Brawn GP
84%
Lotus
84%
Unofficial (1957) Maserati
79%
Benetton
74%
Cooper
68%
Tyrrell
68%
Vanwall
68%
Matra
53%
BRM
47%
Brabham
42%
No matching quizzes found
Score Distribution
Percent of People with Each Score
Percentile by Number Answered
Your Score History
You have not taken this quiz since the last reset